Popularne numery rap/trap tygodnia 18-24.12 Spotify. - Statystyki

Ogólne statystyki
  • Ten quiz został rozwiązany 15 razy
  • Średni wynik to 15 z 30
Statystyki odpowiedzi
Artysta Odsłuchania Utwór % Poprawnych
Guzior, Oskar83 751K FALA
85%
Quebonafide, Daria Zawiałow 430K BUBBLETEA
77%
Żabson, Mata 269K Aromatyczne Przyprawy
69%
Guzior 815K BLUEBERRY
69%
Mata, Wygus, Szczepan, Adam 275K GOMBAO 33
69%
Sobel 375K Impreza
69%
Wiatr, Sobel, Be Vis 511K Testarossa
69%
Guzior, Kukon 293K BOILER ROOM
62%
Alberto 305K Dwutakt
62%
Taco Hemingway 338K Polskie Tango
62%
Quebonafide, Forxst 737K TEEN KASIA
62%
Quebonafide, Taco Hemingway 245K TOKYO2020
62%
Żabson, Young Leosia, Beteo, Borucci 302K ULALA
62%
Białas, Mata 251K Drift
54%
Taco Hemingway, Bedoes 248K Europa
54%
Kabe 401K Nad ranem
54%
Mata 254K Schodki
54%
Guzior 468K TRAPSTAR
54%
Reto 453K Billy Kid
46%
Bedoes, Lanek 578K Chrome Hearts /
46%
Kizo, Trill Pem 347K Fitness
46%
Favst, Gibbs, Kukon 296K halo
38%
chillwagon 266K jumper
38%
Guzior 295K KUSHKOMA
38%
Pezet, Kayah 275K Nisko jest niebo
38%
Wac Toja 266K Kapitan
31%
chillwagon 316K jeden jeden
23%
Szpaku, Zdechły Osa 261K Zły
23%
Kali, Major SPZ, Kabe, Żabson 252K 6 6 6
15%
Bedoes, Lanek 249K VOGUE
15%
Nie znaleziono quizów pasujących do podanych kryteriów
Rozkład punktacji
Procent ludzi z każdym wynikiem
Percentyl według liczby udzielonych odpowiedzi
Twoja historia wyników
Nie rozwiązałeś tego quizu